000 00456nam a22001577a 4500
005 20251108165224.0
008 250721s1994 xx 000 0 ara d
082 1 4 _a922.1/محم
100 1 _aمالك، محمد محجوب
245 1 0 _aرواد الثقافة الإسلامية في جزيرة الفونج /
264 1 _aبيروت :
_bدار الجيل،
_c1994.
300 _a200ص
650 1 7 _aتراجم
942 _2ddc
_cBK
999 _c22523
_d22523